<?xml version="1.0" encoding="UTF-8"?>
<marc:record xmlns:marc="http://www.loc.gov/MARC21/slim">
   <marc:leader>00000nam a2200000 a 4500</marc:leader>
   <marc:datafield ind1="1" ind2=" " tag="100">
      <marc:subfield code="a">Schönherr, Karl</marc:subfield>
      <marc:subfield code="4">aut</marc:subfield>
      <marc:subfield code="e">Verfasser/-in</marc:subfield>
   </marc:datafield>
   <marc:datafield ind1=" " ind2=" " tag="653">
      <marc:subfield code="a">Werke</marc:subfield>
   </marc:datafield>
   <marc:datafield ind1=" " ind2=" " tag="653">
      <marc:subfield code="a">Dramen</marc:subfield>
   </marc:datafield>
   <marc:datafield ind1="0" ind2="0" tag="245">
      <marc:subfield code="a">Bühnenwerke I</marc:subfield>
   </marc:datafield>
   <marc:datafield ind1=" " ind2="1" tag="264">
      <marc:subfield code="a">Wien</marc:subfield>
      <marc:subfield code="b">Kremayr &amp; Scheriau</marc:subfield>
      <marc:subfield code="c">1967</marc:subfield>
   </marc:datafield>
   <marc:datafield ind1="1" ind2=" " tag="520">
      <marc:subfield code="a">Einführung in das dramatische Werk - &lt;br/&gt;Die Bildschnitzer - Sonnwendtag - Karrnerleut&lt;br/&gt;Erde - Glaube und Heimat - Der Weibsteufel - &lt;br/&gt;Volk in Not - Frau Suitner - Narrenspiel des&lt;br/&gt;Lebens - Das Königreich - Kindertragödie - &lt;br/&gt;Es - Maitanz - Hungerblockade 1919 - Lorbeer&lt;br/&gt;Der Judas von Tirol - Herr Doktor, haben Sie&lt;br/&gt;zu essen? - Passionsspiel - Die Fahne weht. </marc:subfield>
   </marc:datafield>
   <marc:datafield ind1=" " ind2=" " tag="041">
      <marc:subfield code="a">ger</marc:subfield>
   </marc:datafield>
   <marc:datafield ind1=" " ind2=" " tag="300">
      <marc:subfield code="b">Illust.</marc:subfield>
   </marc:datafield>
   <marc:datafield ind1="1" ind2=" " tag="521">
      <marc:subfield code="a">0</marc:subfield>
   </marc:datafield>
   <marc:datafield ind1=" " ind2=" " tag="300">
      <marc:subfield code="a">868 S.</marc:subfield>
   </marc:datafield>
</marc:record>
